Online
Catalog

El gran teatro del mundo : (Record no. 43113)

MARC details
000 -CABECERA
campo de control de longitud fija 00798nam a2200217 a 4500
001 - NÚMERO DE CONTROL
campo de control 000043624
005 - FECHA Y HORA DE LA ÚLTIMA TRANSACCIÓN
campo de control 20201002044902.0
008 - DATOS DE LONGITUD FIJA--INFORMACIÓN GENERAL
campo de control de longitud fija 140331s1970 sp 000 0 spa d
040 ## - FUENTE DE LA CATALOGACIÓN
Centro catalogador/agencia de origen DO-SdBNP
Lengua de catalogación spa
Centro/agencia transcriptor BNPHU
082 ## - NÚMERO DE LA CLASIFICACIÓN DECIMAL DEWEY
Número de clasificación 862.3
Número de documento/Ítem C146g
100 1# - ENTRADA PRINCIPAL--NOMBRE DE PERSONA
Nombre de persona Calderón de la Barca, Pedro
Fechas asociadas al nombre 1600-1681
9 (RLIN) 5547
245 10 - MENCIÓN DE TÍTULO
Título El gran teatro del mundo :
Resto del título La dama duende /
Mención de responsabilidad, etc. Don Pedro Calderón de la Barca; prólogo Guillermo Guastavino.
260 ## - PUBLICACIÓN, DISTRIBUCIÓN, ETC.
Lugar de publicación, distribución, etc. Madrid :
Nombre del editor, distribuidor, etc. Libra,
Fecha de publicación, distribución, etc. 1970.
300 ## - DESCRIPCIÓN FÍSICA
Extensión 174 p. ;
Dimensiones 17 cm.
490 1# - MENCIÓN DE SERIE
Mención de serie Purpura
Designación de volumen o secuencia 20
500 ## - NOTA GENERAL
Nota general Dos obras encuadernadas juntas con paginación continua.
650 #4 - PUNTO DE ACCESO ADICIONAL DE MATERIA--TÉRMINO DE MATERIA
Término de materia o nombre geográfico como elemento de entrada Literatura española
Subdivisión cronológica SIGLO XVII
9 (RLIN) 15578
650 #4 - PUNTO DE ACCESO ADICIONAL DE MATERIA--TÉRMINO DE MATERIA
Término de materia o nombre geográfico como elemento de entrada Teatro español
Subdivisión general Representación
Subdivisión cronológica SIGLO XVII
9 (RLIN) 71451
700 12 - PUNTO DE ACCESO ADICIONAL--NOMBRE DE PERSONA
Nombre de persona Guastavino, Guillermo
Término indicativo de función/relación prol.
9 (RLIN) 71452
830 #0 - PUNTO DE ACCESO ADICIONAL DE SERIE-TÍTULO UNIFORME
Título uniforme Purpura
Número de parte o sección de la obra 20
9 (RLIN) 71453
Holdings
Estado de retiro Estado de pérdida Restricciones de uso No para préstamo Código de colección Localización permanente Ubicación/localización actual Ubicación en estantería Fecha de adquisición Número de inventario Total de préstamos Signatura topográfica completa Código de barras Fecha visto por última vez Precio válido a partir de Tipo de ítem Koha
      Excluido de préstamo Monografías: Libros y Folletos General General En catalogación 31.03.2014 LF1   862.3 C146g 43624-10 25.06.2020 25.06.2020 No se presta

Powered by Koha